Ztráta v akciové společnosti a v družstvu

Úhrada straty (účtovnej straty) účastinnej spoločnosti a jej úprava v obchodnom zákonníku ČR. Predstavenstvo spoločnosti rozhodcom o úhrade, jej spôsobe. Postupy účtovania. O spôsobe úhrady straty (účtovnej) družstva rozhoduje členská schôdza.

Saved in:
Bibliographic Details
Main Author: Dědič, J.
Format: Book Chapter
Language:Czech
Subjects:
Tags: Add Tag
No Tags, Be the first to tag this record!

MARC

LEADER 00000naa a2200000 4500
001 r017251
005 20221208131551.9
041 0 |a cze 
044 |a CZ 
245 1 0 |a Ztráta v akciové společnosti a v družstvu  |c J. Dědič 
520 |a Úhrada straty (účtovnej straty) účastinnej spoločnosti a jej úprava v obchodnom zákonníku ČR. Predstavenstvo spoločnosti rozhodcom o úhrade, jej spôsobe. Postupy účtovania. O spôsobe úhrady straty (účtovnej) družstva rozhoduje členská schôdza. 
610 2 0 |a strata 
610 2 0 |a účtovníctvo 
610 2 0 |a spoločnosti akciové 
610 2 0 |a družstvá 
610 2 0 |a predpisy právne 
610 2 0 |a zákonník obchodný 
610 2 0 |a Česko 
100 1 |a Dědič, J.